Bienvenue à la E-Bibliothèque de l’UEH

Bénéficiez l'accès à des milliers de ressources en ligne

Corps, jardins, mémoires : (notice nᵒ 5363)

détails MARC
000 -LEADER
fixed length control field 02561 a2200361 4500
001 - CONTROL NUMBER
control field OB-editionsmsh-7406
003 - CONTROL NUMBER IDENTIFIER
control field FrMaCLE
005 - DATE AND TIME OF LATEST TRANSACTION
control field 20251214082629.0
007 - PHYSICAL DESCRIPTION FIXED FIELD--GENERAL INFORMATION
fixed length control field cu ||||||m||||
008 - FIXED-LENGTH DATA ELEMENTS--GENERAL INFORMATION
fixed length control field 170706e||||||||xx |||||s|||||||||0|fr|d
020 ## - INTERNATIONAL STANDARD BOOK NUMBER
International Standard Book Number 978-2-7351-1838-0
024 7# - OTHER STANDARD IDENTIFIER
Standard number or code 10.4000/books.editionsmsh.7406
Source of number or code doi
040 ## - CATALOGING SOURCE
Original cataloging agency FR-FrMaCLE
041 ## - LANGUAGE CODE
Language code of text/sound track or separate title fra
100 1# - MAIN ENTRY--PERSONAL NAME
Personal name Benoît, Catherine
245 10 - TITLE STATEMENT
Title Corps, jardins, mémoires :
Remainder of title Anthropologie du corps et de l'espace à la Guadeloupe /
Statement of responsibility, etc. Catherine Benoît.
260 ## - PUBLICATION, DISTRIBUTION, ETC.
Place of publication, distribution, etc. Paris :
Name of publisher, distributor, etc. Éditions de la Maison des sciences de l’homme,
Date of publication, distribution, etc. 2017.
300 ## - PHYSICAL DESCRIPTION
Extent 310 p.
500 ## - GENERAL NOTE
General note Ebook
520 ## - SUMMARY, ETC.
Summary, etc. De création récente, les sociétés de la Caraïbe sont issues de la colonisation des Amériques qui s'accompagna de l'extermination de populations amérindiennes, de la transplantation et de l'esclavage de populations d'origine africaine, puis de différentes vagues de migration. Ces sociétés ont su pourtant élaborer des systèmes originaux de représentations du corps et de la maladie qui rendent compte de leur inscription sur un sol nouveau et expriment de nouveaux rapports sociaux. Cet ouvrage étudie plus particulièrement la manière dont, à la Guadeloupe, les savoirs concernant la santé et la maladie constituent un ensemble structuré de représentations et de pratiques qui renvoient à des cosmogonies bien définies. En recourant aux méthodologies de l'ethnobotanique et de l'ethnomédecine, en faisant appel à la cartographie, l'auteur analyse la pharmacopée à base de plantes médicinales et propose une lecture originale du paysage des jardins de case. L'organisation de ces derniers reflète en effet la vision du monde de ses occupants, et matérialise dans l'espace le bien-être et les maux du corps, tout comme les relations avec l'entourage et les morts. On découvre ainsi comment, dans une situation de pluralisme médical et dans un milieu pluriethnique, des thérapeutes et des patients passent d'un système médical à l'autre sans pour autant abandonner leur vision du monde.
540 ## - TERMS GOVERNING USE AND REPRODUCTION NOTE
Terms governing use and reproduction OpenEdition Books License
Uniform Resource Identifier <a href="https://www.openedition.org/12554">https://www.openedition.org/12554</a>
650 #4 - SUBJECT ADDED ENTRY--TOPICAL TERM
Topical term or geographic name entry element Multidisciplinary
Topical term or geographic name entry element Guadeloupe
Topical term or geographic name entry element médecine
Topical term or geographic name entry element jardin
Topical term or geographic name entry element anthropologie
Topical term or geographic name entry element anthropologie médicale
Topical term or geographic name entry element ethnobotanique
Topical term or geographic name entry element ethnomédecine
Topical term or geographic name entry element pharmacologie
776 ## - ADDITIONAL PHYSICAL FORM ENTRY
International Standard Book Number 978-2-7351-0860-2
856 4# - ELECTRONIC LOCATION AND ACCESS
Data provenance Benoît, Catherine
Uniform Resource Identifier <a href="https://books.openedition.org/editionsmsh/7406">https://books.openedition.org/editionsmsh/7406</a>
Link text Corps, jardins, mémoires

Pas d'exemplaire disponible.

Bibliothèque universitaire de l'UEH
Portail centralisé donnant accès au catalogue, aux ressources numériques et aux productions scientifiques de l’Université d’État d’Haïti.

Plateformes institutionnelles

  • Dépôt institutionnel UEH
  • Revues scientifiques UEH
  • GED institutionnelle
  • UEH enseignement à distance

Contact

  • Adresse : 21 Rue Rivière, Port-au-Prince
  • Email : bibliotheque@ueh.edu.ht
  • Téléphone : +509 22-45-68-43 / 22-45-68-44
  • Heures : Lundi–Vendredi 8h–16h
© 2026 UEH – E-Bibliothèque de l’Université d’État d’Haïti | À propos | Confidentialité | Conditions | Mentions légales | Accessibilité | Plan du site | Contact